000 00429cam a22001217a 4500
008 180718b1992 xxu||||| |||| 00| 0 eng d
082 _aA81x54 In2/81/5/Pt8A&B/3
100 _aCensus of India 1981
245 _aGujarat: household tables on scheduled castes and scheduled tribes
260 _aDelhi
_bController of Publications
_c1992
300 _a1079+p.
440 _aCensus of India 1981. Series-5, Gujarat. Part-VIII A & B (iii)
999 _c482023
_d482023